Statistiken für Champions-League Sieger + Weltmeister/Europameister im gleichen Jahr

Klicken Sie hier um das Quiz zu spielen!

Allgemein

  • Dieses Quiz wurde 256 mal gespielt
  • Das Durchschnittsergebnis liegt bei 8 aus 24

Antwortstatistiken

HintAntwort% Korrekt
2016PortugalChristiano Ronaldo
88%
1974DeutschlandGerd Müller
72%
2021ItalienJorginho
67%
1974DeutschlandFranz Beckenbauer
63%
2016PortugalPepe
61%
2014DeutschlandSami Khedira
57%
2018FrankreichRaphael Varane
45%
1974DeutschlandSepp Maier
45%
2012SpanienFernando Torres
38%
1974DeutschlandUli Hoeneß
38%
2021ItalienEmerson
34%
1974DeutschlandPaul Breitner
34%
2002BrasilienRoberto Carlos
26%
1974DeutschlandHans-Georg Schwarzenbeck
25%
2012SpanienJuan Mata
25%
1988NiederlandeRonald Koeman
16%
1988NiederlandeHans van Breukelen
6%
1964SpanienLuis Suarez
6%
2000FrankreichNicolas Anelka
5%
2000FrankreichChristian Karembeu
4%
1998FrankreichChristian Karembeu
4%
1988NiederlandeBerry van Aerle
2%
1988NiederlandeWim Kieft
2%
1988NiederlandeGerald Vanenburg
0%

Verteilung der Resultate

Perzentil nach korrekt beantworteten Fragen

Anzahl Personen mit jedem Resultat

Ihre Resultats-Entwicklung

Sie haben dieses Quiz noch nicht gespielt